Gaming Quiz

Random Gaming or Pokémon Quiz

Pokémon Shadow Attacks Quiz Stats

 Plays Quiz not verified by Sporcle

Score 0/18 Timer 08:00
0 Plays Today
Generation Attack Name % Correct
Generation IIIShadow Rush
96.4%
Generation IIIShadow Sky
88.1%
Generation IIIShadow Fire
85.7%
Generation IIIShadow Blast
84.5%
Generation IIIShadow Bolt
84.5%
Generation IIIShadow Storm
84.5%
Generation IIIShadow End
79.8%
Generation IIIShadow Wave
79.8%
Generation IIIShadow Half
73.8%
Generation Attack Name % Correct
Generation IIIShadow Blitz
72.6%
Generation IIIShadow Down
72.6%
Generation IIIShadow Chill
66.7%
Generation IIIShadow Panic
64.3%
Generation IIIShadow Break
60.7%
Generation IIIShadow Rave
60.7%
Generation IIIShadow Hold
56%
Generation IIIShadow Mist
52.4%
Generation IIIShadow Shed
50%

You're not logged in!

Compare scores with friends on all Sporcle quizzes.
OR
Log In

Sporcle TV

Today on Sporcle TV


Watch our educational content, quiz creation guides, and fun videos on Sporcle TV.

Show Comments

Extras

Created Jan 3, 2015ReportNominate
Tags:Pokémon Quiz

Top Quizzes Today


Score Distribution

Your Account Isn't Verified!

In order to create a playlist on Sporcle, you need to verify the email address you used during registration. Go to your Sporcle Settings to finish the process.

Report this User

Report this user for behavior that violates our Community Guidelines.

Details: